000 00560nam a22001937a 4500
005 20251108164742.0
008 250721s1990 xx 000 0 ara d
082 1 4 _a808.88/شام
100 1 _aشامبيون، سلوين جرني
245 1 0 _aأمثال الأمم الأوربية /
250 _aط3.
264 1 _aالقاهر :
_bدار العرب للبستاني،
_c1990.
300 _a101ص
650 1 7 _aالأدب
650 1 7 _aالحكم (الأمثال)
700 1 _aرضا، محمد
_eترجمة
942 _2ddc
_cBK
999 _c13478
_d13478